Droit civil
Gespeichert in:
| 1. Verfasser: | |
|---|---|
| Format: | Buch |
| Sprache: | Undetermined |
| Veröffentlicht: |
Paris
Presses Univ. de France
1992
|
| Schlagworte: | |
| Tags: |
Tag hinzufügen
Keine Tags, Fügen Sie den ersten Tag hinzu!
|
| Thư viện lưu trữ: | Trung tâm Học liệu Trường Đại học Cần Thơ |
|---|
| LEADER | 00469nam a2200181Ia 4500 | ||
|---|---|---|---|
| 001 | CTU_63750 | ||
| 008 | 210402s9999 xx 000 0 und d | ||
| 082 | |a 346.4401 | ||
| 082 | |b C264/T4 | ||
| 100 | |a Carbonnier, Jean | ||
| 245 | 0 | |a Droit civil | |
| 245 | 0 | |c Jean Carbonnier | |
| 260 | |a Paris | ||
| 260 | |b Presses Univ. de France | ||
| 260 | |c 1992 | ||
| 650 | |a Civil law (French law) | ||
| 904 | |i Minh | ||
| 980 | |a Trung tâm Học liệu Trường Đại học Cần Thơ | ||